<?xml version="1.0" encoding="UTF-8"?>
<record
    xmlns:xsi="http://www.w3.org/2001/XMLSchema-instance"
    xsi:schemaLocation="http://www.loc.gov/MARC21/slim http://www.loc.gov/standards/marcxml/schema/MARC21slim.xsd"
    xmlns="http://www.loc.gov/MARC21/slim">

  <leader>01485cam a2200385 a 4500</leader>
  <datafield tag="999" ind1=" " ind2=" ">
    <subfield code="c">23192</subfield>
    <subfield code="d">23192</subfield>
  </datafield>
  <controlfield tag="001">vtls009950388</controlfield>
  <controlfield tag="005">20220421131059.0</controlfield>
  <controlfield tag="008">160208s2009    xo ob  g      000 0 slo  </controlfield>
  <datafield tag="020" ind1=" " ind2=" ">
    <subfield code="a">9788080464325 (bro&#x17E;.)</subfield>
  </datafield>
  <datafield tag="035" ind1=" " ind2=" ">
    <subfield code="a">FC0B7AF6-33E2-4CCF-9BFA-80B95E15B8C2</subfield>
  </datafield>
  <datafield tag="035" ind1=" " ind2=" ">
    <subfield code="a">urn:nbn:sk:snk-amk922</subfield>
  </datafield>
  <datafield tag="035" ind1=" " ind2=" ">
    <subfield code="a">urn:nbn:sk:snk-am008csu</subfield>
  </datafield>
  <datafield tag="040" ind1=" " ind2=" ">
    <subfield code="a">PPPK</subfield>
    <subfield code="b">slo</subfield>
    <subfield code="c">PPPK</subfield>
    <subfield code="d">SNK</subfield>
    <subfield code="e">AACR2</subfield>
  </datafield>
  <datafield tag="041" ind1="1" ind2=" ">
    <subfield code="a">slo</subfield>
    <subfield code="h">eng</subfield>
  </datafield>
  <datafield tag="044" ind1=" " ind2=" ">
    <subfield code="a">xo</subfield>
    <subfield code="c">SK</subfield>
  </datafield>
  <datafield tag="072" ind1=" " ind2="7">
    <subfield code="a">94(100)</subfield>
    <subfield code="x">Svetov&#xE9; dejiny</subfield>
    <subfield code="2">konspekt</subfield>
  </datafield>
  <datafield tag="080" ind1=" " ind2=" ">
    <subfield code="a">94(100)</subfield>
    <subfield code="2">2001</subfield>
  </datafield>
  <datafield tag="080" ind1=" " ind2=" ">
    <subfield code="a">(048.8)</subfield>
    <subfield code="2">2001</subfield>
  </datafield>
  <datafield tag="080" ind1=" " ind2=" ">
    <subfield code="a">001.98</subfield>
    <subfield code="2">2001</subfield>
  </datafield>
  <datafield tag="100" ind1="1" ind2=" ">
    <subfield code="a">Weir, Stephen</subfield>
    <subfield code="9">2857</subfield>
  </datafield>
  <datafield tag="240" ind1="1" ind2="0">
    <subfield code="a">History's worst decisions</subfield>
    <subfield code="l">Slovensky</subfield>
  </datafield>
  <datafield tag="245" ind1="1" ind2="0">
    <subfield code="a">Dejiny pln&#xE9; omylov</subfield>
    <subfield code="b">najhor&#x161;ie rozhodnutia a t&#xED;, &#x10D;o ich maj&#xFA; na svedom&#xED;</subfield>
    <subfield code="c">Stephen Weir ; [autor textov Z&#xE1;po&#x13E;sk&#xE9;ho spojenectvo s Turkami, Po&#x17E;iadavka Hornouhorsk&#xE9;ho slovensk&#xE9;ho okolia, Rozhodnutie &#x160;tef&#xE1;nika vr&#xE1;ti&#x165; sa do vlasti lietadlom: Ivan Mrva ; z anglick&#xE9;ho origin&#xE1;lu prelo&#x17E;ila Elena Guri&#x10D;anov&#xE1; ; ver&#x161;e preb&#xE1;snila Dana Guri&#x10D;anov&#xE1;]</subfield>
  </datafield>
  <datafield tag="250" ind1=" " ind2=" ">
    <subfield code="a">1. vyd.</subfield>
  </datafield>
  <datafield tag="260" ind1=" " ind2=" ">
    <subfield code="a">Bratislava</subfield>
    <subfield code="b">Perfekt</subfield>
    <subfield code="c">2009</subfield>
  </datafield>
  <datafield tag="300" ind1=" " ind2=" ">
    <subfield code="a">264 s.</subfield>
    <subfield code="b">fotogr., mapy</subfield>
    <subfield code="c">23 cm</subfield>
  </datafield>
  <datafield tag="650" ind1="0" ind2="7">
    <subfield code="a">svetov&#xE9; dejiny</subfield>
    <subfield code="2">SNKPH</subfield>
    <subfield code="9">1591</subfield>
  </datafield>
  <datafield tag="650" ind1="0" ind2="7">
    <subfield code="a">omyly</subfield>
    <subfield code="2">SNKPH</subfield>
    <subfield code="9">2858</subfield>
  </datafield>
  <datafield tag="655" ind1=" " ind2="7">
    <subfield code="a">monografie</subfield>
    <subfield code="2">SNKPH</subfield>
    <subfield code="9">1661</subfield>
  </datafield>
  <datafield tag="700" ind1="1" ind2=" ">
    <subfield code="a">Mrva, Ivan,</subfield>
    <subfield code="d">1954-</subfield>
    <subfield code="4">aut</subfield>
    <subfield code="9">2859</subfield>
  </datafield>
  <datafield tag="700" ind1="1" ind2=" ">
    <subfield code="a">Guri&#x10D;anov&#xE1;, Elena</subfield>
    <subfield code="4">trl</subfield>
    <subfield code="9">2860</subfield>
  </datafield>
  <datafield tag="700" ind1="1" ind2=" ">
    <subfield code="a">Guri&#x10D;anov&#xE1;, Dana</subfield>
    <subfield code="4">trl</subfield>
    <subfield code="9">2861</subfield>
  </datafield>
  <datafield tag="958" ind1=" " ind2=" ">
    <subfield code="a">OND</subfield>
  </datafield>
  <datafield tag="958" ind1=" " ind2=" ">
    <subfield code="a">OP</subfield>
  </datafield>
  <datafield tag="952" ind1=" " ind2=" ">
    <subfield code="0">0</subfield>
    <subfield code="1">0</subfield>
    <subfield code="2">udc</subfield>
    <subfield code="4">0</subfield>
    <subfield code="7">0</subfield>
    <subfield code="8">D</subfield>
    <subfield code="a">10000</subfield>
    <subfield code="b">10000</subfield>
    <subfield code="d">2022-04-21</subfield>
    <subfield code="i">21539</subfield>
    <subfield code="l">7</subfield>
    <subfield code="m">1</subfield>
    <subfield code="o">S1512</subfield>
    <subfield code="p">S1512</subfield>
    <subfield code="r">2026-04-21</subfield>
    <subfield code="s">2026-02-25</subfield>
    <subfield code="w">2022-04-21</subfield>
    <subfield code="y">OLDO</subfield>
  </datafield>
</record>
